Medzinárodná železničná doprava bakalárska práca

Gespeichert in:
Bibliographische Detailangaben
1. Verfasser: Zuščáková, Renáta
Körperschaft: Fakulta medzinárodných vzťahov EU. Katedra medzinárodného práva
Weitere Verfasser: Martyniv, Halina
Format: Buch
Sprache:Slowakisch
Veröffentlicht: Bratislava 2010
Tags: Tag hinzufügen
Keine Tags, Fügen Sie das erste Tag hinzu!

MARC

LEADER 00000nam$a2200000$$$4500
001 0137088
005 20240320074242.5
041 0 |a slo 
044 |a SK 
245 1 0 |a Medzinárodná železničná doprava  |b bakalárska práca  |c Renáta Zuščáková ; školiteľ: Halina Martyniv 
264 1 |a Bratislava  |c 2010 
300 |a 36 s. 
100 1 |a Zuščáková, Renáta 
700 1 |a Martyniv, Halina 
710 2 |a Fakulta medzinárodných vzťahov EU. Katedra medzinárodného práva